| 000 | 02258cam a22005294i 4500 | ||
|---|---|---|---|
| 003 | PE-LiUPU | ||
| 005 | 20250731180101.0 | ||
| 008 | 170227s2004 sp a r 000 0 spa d | ||
| 020 | _a8448142780 | ||
| 020 | _a9788448142780 | ||
| 035 | _a(Sirsi) a167177 | ||
| 040 |
_aPE-LiUPU _bspa _cPE-LiUPU _erda |
||
| 049 | _aPRUA | ||
| 082 | 0 | 4 |
_a510 _bL68 _221 |
| 100 | 1 |
_aLipschutz, Seymour., _eautor. |
|
| 245 | 1 | 3 |
_a2000 problemas resueltos de matemática discreta / _cLipschutz, Seymour, Lars Lipson, Marc ; traduccin, Mara Victoria Rolln. |
| 264 | 1 |
_aMadrid ; _aEspaą : _bMcgraw-Hill/Interamericana, _c2004. |
|
| 300 |
_avii, 420 páginas : _bilustraciones ; _c28 centimetros |
||
| 336 |
_atext _2rdacontent |
||
| 337 |
_aunmediated _2rdamedia |
||
| 338 |
_avolume _2rdacarrier |
||
| 505 | 0 | _aTeoría de conjuntos. -- Capítulo 2. Relaciones. -- Capítulo 3. Funciones. -- Capítulo 4. Vectores y matrices. -- Capítulo 5. Teoría de grafos. -- Capítulo 6. Grafos plantares y árboles. -- Capítulo 7. Grafos dirigidos y árboles binarios. -- Capítulo 8. Análisis combinatorio. -- Capítulo 9. Sistemas algebraicos. -- Capítulo 10. Lenguajes, gramáticas, autómatas. -- Capítulo 11. Conjuntos ordenados y retículos. -- Capítulo 12. | |
| 526 | _aSEG44 | ||
| 526 | _aSEG26 | ||
| 526 | _aP159 | ||
| 526 | _aP155 | ||
| 526 | _aP154 | ||
| 526 | _aP153 | ||
| 526 | _aP150 | ||
| 526 | _aP100 | ||
| 526 | _aP31 | ||
| 526 | _aP30 | ||
| 526 | _aP26 | ||
| 526 | _aP25 | ||
| 526 | _aP24 | ||
| 526 | _aP22 | ||
| 526 | _aP15 | ||
| 526 | _aP10 | ||
| 650 | 0 | 4 |
_aComputer science _xMathematics _vProblems, exercises, etc. |
| 650 | 0 | 4 |
_aMatemt̀icas _xproblemas ejercicios, etc. |
| 910 |
_ajck _bjvq _cjck _d20170227. |
||
| 942 |
_2ddc _cBOOK |
||
| 949 |
_wDEWEY _c1 _i70730 _lCATALOGING _mBUL _p200.00 _r0 _sY _tBOOK _u2017-02-27 _xINGENIERIA _PP27 _0COMPRA _o.CIRCNOTE. El documento es de alto precio. _o.STAFF. Colección Ingeniería y Arquitectura |
||
| 596 | _a1 | ||
| 999 |
_a510 L68 _wLC _c15928 _i70083 _f2021-11-9 _g4 _kLOST-CLAIM _lCCODEBUL1 _mBUL _p200.00 _r0 _sY _tBOOK _u2017-2-27 _xINGENIERIA _PP27 _0COMPRA _o.STAFF. Colección Ingeniería y Arquitectura _d15928 |
||
| 980 |
_81 _gALBERTO SANCHEZ Responsable de Automatización |
||